000 00856nam a2200265Ia 4500
003 OSt
005 20220923220220.0
006 a|||||r|||| 00| 0
007 ta
008 220922b |||||||| |||| 00| 0 hin d
020 _c12
024 _a185,151
037 _cTextual
040 _aARTS
_cARTS
_bhin
041 _2hin
_ahin
082 _aO152,1NT1x, L7
100 _aतिवारी, सुरेन्द्र
245 0 _aआठवें दशक की शाम
246 _aĀṭhavean dashak kī shāma
260 _aदिल्ली
_b राधाकृष्ण प्रकाशन
_c1977
300 _a104 पृ.
_ccm.
650 _aहिन्दी साहित्य
_9156264
942 _hO152,1NT1x, L7
_cTEXL
_2CC
999 _c338397
_d338397